[Event "Challenge"]
[Site "http://www.queenalice.com/game.php?id=1110808"]
[Date "2012.10.9"]
[Round "-"]
[White "ubostayo"]
[Black "lincolnmarley"]
[Result "1-0"]
[WhiteElo "1838"]
[BlackElo "1680"]

1. e4 c5 2. Nf3 d6 3. d4 cxd4 4. Nxd4 Nf6 5. Nc3 a6 6. Bc4 e6 7. Bb3 b5 8. a3
Be7 9. O-O Bb7 10. f3 Qb6 11. Be3 e5 12. Nf5 Qc7 13. Nxg7+ Kd8 14. Bxf7 1-0

[Event "Challenge"]
[Site "http://www.queenalice.com/game.php?id=1112515"]
[Date "2012.10.14"]
[Round "-"]
[White "iowahawk"]
[Black "ubostayo"]
[Result "0-1"]
[WhiteElo "1375"]
[BlackElo "2211"]

1. e4 c5 2. Nf3 a6 3. Bc4 e6 4. O-O b5 5. Be2 Bb7 6. d3 d6 7. c3 Nf6 8. Bg5 Be7
9. b4 cxb4 10. cxb4 h6 11. Bf4 O-O 12. Nc3 Nbd7 13. a4 Rc8 14. axb5 Rxc3 15. e5
dxe5 16. Nxe5 axb5 17. d4 Nd5 0-1

[Event "Challenge"]
[Site "http://www.queenalice.com/game.php?id=1112516"]
[Date "2012.10.14"]
[Round "-"]
[White "iowahawk"]
[Black "ubostayo"]
[Result "0-1"]
[WhiteElo "1375"]
[BlackElo "2211"]

1. g3 Nf6 2. Bg2 g6 3. Nf3 Bg7 4. Nc3 O-O 5. O-O d5 6. d4 c6 7. Bg5 h6 8. Bxf6
Bxf6 9. e4 dxe4 10. Nxe4 Bg7 11. c3 Na6 12. Nc5 Nxc5 13. dxc5 Qa5 14. b4 Qa3 15.
Qc1 Qxc3 16. Qxc3 Bxc3 0-1

[Event "Challenge"]
[Site "http://www.queenalice.com/game.php?id=1112517"]
[Date "2012.10.14"]
[Round "-"]
[White "iowahawk"]
[Black "ubostayo"]
[Result "0-1"]
[WhiteElo "1375"]
[BlackElo "2211"]

1. g3 Nf6 2. Bg2 g6 3. Nf3 Bg7 4. O-O O-O 5. Nc3 c5 6. e4 d6 7. d4 cxd4 8. Nd5
e5 9. Bg5 Be6 10. Re1 Bxd5 11. exd5 Nbd7 12. c3 dxc3 13. bxc3 Rc8 14. Rc1 Qa5
15. Qd2 Nxd5 16. c4 Qxd2 0-1

[Event "Challenge"]
[Site "http://www.queenalice.com/game.php?id=1114947"]
[Date "2012.10.22"]
[Round "-"]
[White "theblackfox"]
[Black "ubostayo"]
[Result "0-1"]
[WhiteElo "2094"]
[BlackElo "2076"]

1. e4 c5 2. Nf3 a6 3. Nc3 d6 4. d4 cxd4 5. Nxd4 Nf6 6. Bg5 e6 7. Qf3 Be7 8.
O-O-O Qc7 9. h4 Nbd7 10. g4 Ne5 11. Qg3 Nexg4 12. Nf3 Kf8 13. Qxg4 Nxg4 14. Rh2
Nxh2 15. Nxh2 Bxg5+ 16. hxg5 Qc5 17. e5 Qxe5 18. Nf3 Qf4+ 19. Nd2 Qxg5 20. Ne4
Qf4 21. f3 d5 22. Nc5 b6 23. Nb3 Bb7 24. a4 Rc8 25. a5 b5 26. Kb1 Ke7 27. Bh3
Rc7 28. Re1 Rhc8 29. c3 b4 30. Rc1 bxc3 31. bxc3 Rxc3 32. Rg1 Qe3 33. Rxg7 Rxb3+
34. Nxb3 Qxb3+ 35. Ka1 Rc1# 0-1

[Event "Challenge"]
[Site "http://www.queenalice.com/game.php?id=1114948"]
[Date "2012.10.22"]
[Round "-"]
[White "ubostayo"]
[Black "theblackfox"]
[Result "1-0"]
[WhiteElo "1952"]
[BlackElo "2009"]

1. e4 e5 2. Nf3 Nc6 3. d4 exd4 4. Bc4 h6 5. Nxd4 Nf6 6. O-O Bc5 7. Nxc6 bxc6 8.
e5 Ne4 9. Qf3 d5 10. exd6 Nxd6 11. Qxc6+ Bd7 12. Re1+ Kf8 13. Qxc5 a5 14. Bf4
Bg4 15. Nc3 g5 16. Bg3 Kg8 17. Be5 Nb7 18. Qc6 Rb8 19. Qg6+ Kf8 20. Qxf7# 1-0

[Event "OS INCLIVEIS"]
[Site "http://www.queenalice.com/game.php?id=1116760"]
[Date "2012.10.28"]
[Round "-"]
[White "adelio"]
[Black "ubostayo"]
[Result "0-1"]
[WhiteElo "1777"]
[BlackElo "2136"]

1. f4 d5 2. d4 Nf6 3. c4 Ne4 4. Nc3 e6 5. Nxe4 dxe4 6. e3 b6 7. h4 Bb7 8. Nh3
Qxh4+ 9. Nf2 Qd8 10. g4 c5 11. g5 cxd4 12. Ng4 Bb4+ 13. Bd2 Bxd2+ 14. Qxd2 d3
15. Rd1 Nd7 16. Rh2 Qc7 17. Qc3 e5 18. fxe5 O-O-O 19. Rdd2 Rde8 20. a4 Nxe5 21.
Nxe5 Qxe5 22. Bh3+ Kc7 23. Qxe5+ Rxe5 24. Rdg2 Kd6 25. b4 Bc6 26. b5 Be8 27. Kd2
h6 28. g6 fxg6 29. Rf2 Kc5 30. Kc3 Rh5 31. Be6 Rxh2 32. Rxh2 Rf8 33. Bd5 Rf3 34.
Bxe4 Rxe3 35. Bxd3 Bd7 36. Rh4 Bf5 37. Rd4 Rxd3+ 38. Rxd3 Bxd3 39. Kxd3 g5 40.
Kc3 g4 41. Kd3 g3 42. Ke2 Kxc4 43. Kf3 Kb4 44. Kxg3 Kxa4 45. Kg4 Kxb5 46. Kh5 a5
47. Kg6 a4 48. Kxg7 h5 49. Kg6 h4 50. Kf5 h3 51. Ke4 h2 52. Kd3 h1=Q 53. Kc3 Qb1
54. Kd4 a3 55. Ke5 Qd3 56. Ke6 a2 57. Ke7 a1=Q 58. Kf7 Qe2 59. Kg6 Qaf1 60. Kg5
Qeg2+ 61. Kh4 Qfh1# 0-1

[Event "Challenge"]
[Site "http://www.queenalice.com/game.php?id=1117852"]
[Date "2012.10.31"]
[Round "-"]
[White "ubostayo"]
[Black "AlekinePb"]
[Result "1-0"]
[WhiteElo "2044"]
[BlackElo "1838"]

1. e4 c6 2. Nf3 d5 3. Nc3 d4 4. Ne2 c5 5. c3 Nc6 6. Qa4 Bd7 7. Qb3 Qc7 8. cxd4
cxd4 9. Nexd4 e6 10. Be2 Nxd4 11. Nxd4 Nf6 12. d3 Bc5 13. Be3 O-O 14. O-O Rfd8
15. Rac1 b6 16. Nf3 Qb7 17. Bxc5 1-0

[Event "Challenge"]
[Site "http://www.queenalice.com/game.php?id=1120008"]
[Date "2012.11.7"]
[Round "-"]
[White "eddval"]
[Black "ubostayo"]
[Result "1/2-1/2"]
[WhiteElo "2181"]
[BlackElo "2141"]

1. e4 c5 2. c4 d6 3. Ne2 Nf6 4. Nbc3 g6 5. d4 cxd4 6. Nxd4 Bg7 7. Be2 O-O 8. Be3
a6 9. O-O Nc6 10. Rc1 Bd7 11. Qd2 Nxd4 12. Bxd4 Bc6 13. Rfd1 e5 14. Be3 Nxe4 15.
Nxe4 Bxe4 16. Qxd6 Qa5 17. a3 Rad8 18. Bb6 Rxd6 19. Bxa5 Rxd1+ 20. Rxd1 Rc8 21.
b4 Kf8 22. c5 Bc6 23. Bc4 Ke7 24. f3 f5 25. Kf2 e4 26. Bd5 Bxd5 27. Rxd5 Rc6 28.
fxe4 fxe4 29. Ke3 Re6 30. Bd8+ Ke8 31. Bg5 Bb2 32. Ke2 b6 33. a4 bxc5 34. Rxc5
Kd7 35. b5 Ba3 36. Rc4 axb5 37. axb5 Re5 38. Bf4 Rxb5 39. Rxe4 Rb4 40. Rxb4 Bxb4
41. Kf3 Ke6 42. Kg4 h5+ 43. Kg5 Kf7 44. Be5 Bd2+ 45. Bf4 Ba5 46. Kh6 Kf6 47. g3
Bb4 48. h4 Kf5 49. Kh7 Be7 50. Bc7 Bf6 51. Kh6 Be7 52. Bb8 Bc5 53. Bc7 Be3+ 54.
Kg7 g5 55. hxg5 Bxg5 56. Bb8 Kg4 57. Kg6 Be3 58. Bc7 Bf2 59. Kh6 Bxg3 60. Bxg3
Kxg3 61. Kxh5 Kh3 1/2-1/2

[Event "Challenge"]
[Site "http://www.queenalice.com/game.php?id=1121991"]
[Date "2012.11.14"]
[Round "-"]
[White "ZUMBI"]
[Black "ubostayo"]
[Result "0-1"]
[WhiteElo "2120"]
[BlackElo "2242"]

1. e4 c5 2. Nf3 a6 3. Nc3 d6 4. Bc4 Nf6 5. Ng5 e6 6. d4 b5 7. Be2 h6 8. Nf3 b4
9. Na4 Qa5 10. b3 Nxe4 11. Bb2 Bd7 12. O-O Bxa4 13. bxa4 Nc3 14. Qd3 Nxa4 15.
Qb3 Be7 16. Bc4 Nxb2 17. Qxb2 O-O 18. d5 Bf6 19. c3 Bxc3 20. Qe2 exd5 21. Bxd5
Ra7 22. Nh4 Qd8 23. Rac1 Qxh4 24. g3 Qg5 25. Bc4 Re7 26. Qf3 Nd7 27. h4 Qg6 28.
a3 Ne5 29. Qf4 Nxc4 30. Qxc4 a5 31. a4 Bd4 32. Qb5 Qxg3+ 33. Kh1 Qf3+ 34. Kg1
Re4 35. Qxa5 Rg4+ 36. Kh2 Qg2# 0-1

[Event "Challenge"]
[Site "http://www.queenalice.com/game.php?id=1121992"]
[Date "2012.11.14"]
[Round "-"]
[White "ubostayo"]
[Black "ZUMBI"]
[Result "1-0"]
[WhiteElo "2180"]
[BlackElo "2120"]

1. e4 e5 2. Nf3 Nc6 3. Bb5 d6 4. d4 a6 5. Bxc6+ bxc6 6. dxe5 d5 7. O-O Bg4 8.
exd5 cxd5 9. h3 Bh5 10. Qd3 f6 11. Bf4 g5 12. Bg3 Bg6 13. Qc3 Bg7 14. exf6 Nxf6
15. Qc6+ Nd7 16. Re1+ Kf8 17. Nxg5 Bxb2 18. Ne6+ Ke7 19. Nxd8+ Kf8 20. Qxa8 Bxa1
21. Ne6+ Kf7 22. Qxd5 Ke8 23. Nc5+ Kf8 24. Nxd7+ Kg7 25. Re7+ Kh6 26. Bf4# 1-0

[Event "Challenge"]
[Site "http://www.queenalice.com/game.php?id=1122149"]
[Date "2012.11.14"]
[Round "-"]
[White "theblackfox"]
[Black "ubostayo"]
[Result "0-1"]
[WhiteElo "2094"]
[BlackElo "2258"]

1. e4 c5 2. Nc3 d6 3. Nf3 Nf6 4. Bc4 e6 5. d4 cxd4 6. Qxd4 Nc6 7. Qd3 Be7 8. Bf4
O-O 9. O-O Nb4 10. Qd2 d5 11. exd5 Nbxd5 12. Nxd5 Nxd5 13. Rad1 Nxf4 14. Qxf4
Qa5 15. c3 Bf6 16. b4 Qh5 17. g4 Qh3 18. Rd3 h5 19. Ne5 Qh4 20. Nf3 Qxg4+ 21.
Qxg4 hxg4 22. Nd2 e5 23. a4 Bf5 24. Rg3 Rfd8 25. Nb3 Rac8 26. Be2 Bh4 27. Re3 f6
28. f3 Bg5 29. f4 Bxf4 30. Bxg4 Bxe3+ 31. Kg2 Bxg4 32. h3 Rxc3 33. Na5 Bc8 34.
h4 Rd2+ 35. Kh1 Bh3 36. Ra1 Rcc2 37. Rg1 Rh2# 0-1

[Event "Challenge"]
[Site "http://www.queenalice.com/game.php?id=1122150"]
[Date "2012.11.14"]
[Round "-"]
[White "ubostayo"]
[Black "theblackfox"]
[Result "1-0"]
[WhiteElo "2145"]
[BlackElo "2094"]

1. e4 e5 2. Nf3 Nc6 3. Bb5 d6 4. d4 Bd7 5. Bxc6 Bxc6 6. dxe5 d5 7. exd5 Bxd5 8.
O-O g6 9. Nc3 Bxf3 10. Qxf3 Bg7 11. Qxb7 Bxe5 12. Re1 f6 13. f4 Ne7 14. fxe5 f5
15. Bh6 Ng8 16. Qc6+ Kf7 17. e6+ Ke7 18. Rad1 Qc8 19. Rd7+ Kf6 20. Nd5# 1-0

[Event "Challenge"]
[Site "http://www.queenalice.com/game.php?id=1124222"]
[Date "2012.11.20"]
[Round "-"]
[White "lincolnmarley"]
[Black "ubostayo"]
[Result "0-1"]
[WhiteElo "1691"]
[BlackElo "2211"]

1. d4 c6 2. e4 d6 3. Nc3 Nf6 4. f4 g6 5. Nf3 Bg7 6. Be2 Nbd7 7. O-O O-O 8. Be3
Ng4 9. Qd2 Nxe3 10. Qxe3 Qb6 11. Rab1 e5 12. fxe5 Nxe5 13. Nxe5 dxe5 14. Nd1
exd4 15. Qd3 Be6 16. b3 c5 17. c4 f5 18. Nf2 Rae8 19. Kh1 fxe4 20. Nxe4 Bf5 21.
Bf3 Bh6 22. g4 Be6 23. Be2 Bd7 24. Rxf8+ Bxf8 25. Rf1 Rxe4 26. Qxe4 Bc6 0-1

[Event "Challenge"]
[Site "http://www.queenalice.com/game.php?id=1126463"]
[Date "2012.11.28"]
[Round "-"]
[White "ubostayo"]
[Black "tucot"]
[Result "1-0"]
[WhiteElo "2211"]
[BlackElo "2299"]

1. e4 c5 2. Nf3 e6 3. d4 cxd4 4. Nxd4 Nc6 5. Nc3 Qc7 6. f4 Bb4 7. Nb5 Qb6 8.
Nd6+ Bxd6 9. Qxd6 a6 10. Bd3 Qb4 11. Qc7 d5 12. exd5 exd5 13. O-O Nge7 14. Bd2
O-O 15. Rfe1 Qc5+ 16. Be3 d4 17. Bf2 Be6 18. Ne4 Qd5 19. Ng5 Rfc8 20. Bxh7+ Kh8
21. Qb6 g6 22. f5 gxf5 23. Rad1 Qd8 24. Qc5 Qf8 25. Bxd4+ Nxd4 26. Qxd4+ Qg7 27.
Qh4 1-0

[Event "Challenge"]
[Site "http://www.queenalice.com/game.php?id=1127124"]
[Date "2012.11.30"]
[Round "-"]
[White "ubostayo"]
[Black "eddval"]
[Result "1-0"]
[WhiteElo "2290"]
[BlackElo "2129"]

1. e4 e5 2. Nf3 Nc6 3. d4 exd4 4. Bc4 Bc5 5. c3 d3 6. Qxd3 d6 7. a4 a5 8. O-O
Nf6 9. Bg5 h6 10. Bh4 g5 11. Bg3 Nh5 12. Nd4 Ne5 13. Qe2 Bg4 14. f3 Nxg3 15.
hxg3 Bd7 16. Bd5 Nc6 17. Bxc6 Bxc6 18. Nd2 Qf6 19. Qc4 O-O 20. Kh2 Bd7 21. Qd3
Qg6 22. Nc4 Kg7 23. Ne3 Bxd4 24. Qxd4+ f6 25. Nd5 c5 26. Qd2 Rad8 27. c4 Be6 28.
Qxa5 Bxd5 29. exd5 Rfe8 30. Rfe1 Qh5+ 31. Kg1 Rd7 32. Re6 Qf7 33. Rae1 Rde7 34.
Qb6 Rxe6 35. dxe6 Rxe6 36. Rxe6 Qxe6 37. Qxb7+ Kh8 38. Qe4 Qg8 39. a5 Qb8 40. a6
1-0

[Event "Challenge"]
[Site "http://www.queenalice.com/game.php?id=1127719"]
[Date "2012.12.2"]
[Round "-"]
[White "JCOELHO"]
[Black "ubostayo"]
[Result "0-1"]
[WhiteElo "2119"]
[BlackElo "2324"]

1. e4 c5 2. Nf3 a6 3. Nc3 d6 4. d4 cxd4 5. Qxd4 Nf6 6. e5 Nc6 7. Qh4 dxe5 8. Bc4
e6 9. Bg5 Be7 10. O-O Qc7 11. a3 Nd4 12. Nxd4 Qxc4 13. Nf3 Qxh4 14. Bxh4 Nd7 15.
Bxe7 Kxe7 16. h4 b5 17. a4 b4 18. Ne4 Bb7 19. Neg5 h6 20. Nh3 Rac8 21. Rfc1 Rc4
22. b3 Rc3 23. Re1 f6 24. a5 Nc5 25. Nd2 Rxc2 26. Nc4 Nxb3 27. f4 Rxc4 28. fxe5
Nxa1 29. Rxa1 Rc2 30. exf6+ gxf6 31. Nf4 Rg8 32. Ra4 Rc4 33. Nd3 Rxg2+ 34. Kf1
Rxh4 35. Nf2 Rf4 36. Ra2 Rfxf2+ 37. Rxf2 Rxf2+ 38. Kxf2 b3 39. Ke2 b2 40. Kd2
b1=Q 41. Ke3 Qe4+ 42. Kf2 Qf3+ 43. Ke1 Qg2 44. Kd1 Qf2 45. Kc1 Qe2 46. Kb1 Qd2
47. Ka1 h5 48. Kb1 h4 49. Ka1 h3 50. Kb1 h2 51. Ka1 f5 52. Kb1 h1=Q# 0-1

[Event "Challenge"]
[Site "http://www.queenalice.com/game.php?id=1128121"]
[Date "2012.12.4"]
[Round "-"]
[White "BibleFreak"]
[Black "ubostayo"]
[Result "0-1"]
[WhiteElo "1744"]
[BlackElo "2290"]

1. d4 c6 2. Nf3 d6 3. c4 Nf6 4. Bg5 Bg4 5. Bxf6 exf6 6. e4 g6 7. Qb3 Qc7 8. Nbd2
Bg7 9. Be2 O-O 10. O-O Bc8 11. a4 f5 12. exf5 Bxf5 13. h3 Re8 14. Bd3 Be6 15. d5
Bd7 16. Rac1 Na6 17. Ne4 Bf5 18. Nfd2 Re7 19. f3 Bxe4 20. Nxe4 c5 21. Qa3 Rae8
22. Rce1 f5 23. Ng5 Rxe1 24. Ne6 Rxf1+ 25. Kxf1 Qe7 26. Qa1 Nc7 0-1

[Event "Challenge"]
[Site "http://www.queenalice.com/game.php?id=1129878"]
[Date "2012.12.10"]
[Round "-"]
[White "jujuju"]
[Black "ubostayo"]
[Result "0-1"]
[WhiteElo "2223"]
[BlackElo "2271"]

1. d4 c6 2. Nc3 d6 3. Nf3 Nf6 4. Bf4 g6 5. e4 Qa5 6. Bd3 Bg7 7. O-O O-O 8. e5
dxe5 9. dxe5 Nd5 10. Nxd5 cxd5 11. c4 Be6 12. Bd2 Qc7 13. cxd5 Bxd5 14. Bb5 Rd8
15. Bf4 Nc6 16. Bxc6 Qxc6 17. b3 Bc4 18. Nd4 Qe4 19. bxc4 Qxf4 20. Ne2 Rxd1 21.
Nxf4 Rxa1 22. Rxa1 Bxe5 0-1

[Event "Challenge"]
[Site "http://www.queenalice.com/game.php?id=1130580"]
[Date "2012.12.12"]
[Round "-"]
[White "tucot"]
[Black "ubostayo"]
[Result "0-1"]
[WhiteElo "2312"]
[BlackElo "2301"]

1. d4 c6 2. e4 d6 3. Nc3 Nf6 4. Nge2 g6 5. f3 Bg7 6. Be3 b5 7. Qd2 Nfd7 8. Bh6
Bxh6 9. Qxh6 Qa5 10. Nc1 Nf6 11. g4 Nbd7 12. h4 b4 13. Nb3 Qc7 14. Ne2 a5 15. h5
Rg8 16. Qe3 a4 17. Nd2 g5 18. a3 bxa3 19. Rxa3 Qb8 20. Qc3 c5 21. Kf2 Kf8 22. b3
axb3 23. Rxa8 Qxa8 24. Nxb3 cxd4 25. Nexd4 Ne5 26. Bd3 Qb8 27. Kg2 Bd7 0-1

[Event "Challenge"]
[Site "http://www.queenalice.com/game.php?id=1133984"]
[Date "2012.12.24"]
[Round "-"]
[White "ubostayo"]
[Black "tucot"]
[Result "1-0"]
[WhiteElo "2304"]
[BlackElo "2371"]

1. e4 e5 2. Nf3 Nc6 3. Bb5 g6 4. O-O Bg7 5. c3 d6 6. h3 Ne7 7. d4 Bd7 8. Bg5 h6
9. Bh4 g5 10. Bg3 Ng6 11. Nbd2 a6 12. Ba4 Qf6 13. d5 Nb8 14. Qb3 b6 15. c4 h5
16. Rfe1 Bh6 17. Nf1 Nf4 18. Bxf4 gxf4 19. N1d2 Rg8 20. Kh1 Bg5 21. Rg1 Qg6 22.
g3 Qh7 23. Nxg5 Rxg5 24. Nf3 1-0

[Event "Challenge"]
[Site "http://www.queenalice.com/game.php?id=1137171"]
[Date "2013.1.4"]
[Round "-"]
[White "eddval"]
[Black "ubostayo"]
[Result "0-1"]
[WhiteElo "2144"]
[BlackElo "2331"]

1. e4 c5 2. c4 d6 3. Ne2 Nf6 4. Nbc3 g6 5. d4 cxd4 6. Nxd4 Bg7 7. Be2 O-O 8. O-O
Nc6 9. Be3 Bd7 10. Qd2 a6 11. f4 Qa5 12. Rfd1 Ng4 13. Nxc6 bxc6 14. e5 Nxe3 15.
Qxe3 Be6 16. exd6 exd6 17. Rxd6 Rfe8 18. Qd2 Bxc4 19. Bxc4 Qc5+ 20. Kh1 Qxc4 21.
Rd3 Bf6 22. Rd1 Rad8 23. g3 Bxc3 24. Qxc3 Rxd3 25. Rxd3 Qxa2 26. Rd2 Qa4 27. Kg2
Qe4+ 28. Qf3 Qc4 29. h4 Qc5 30. f5 gxf5 31. Rf2 Re5 32. g4 Qd4 33. gxf5 Re4 34.
Kf1 Qc4+ 35. Kg1 Rxh4 36. Rg2+ Kf8 37. Qe3 Rg4 38. Qh6+ Ke7 39. f6+ Kd7 40. Qh3
h5 41. Qxh5 Qd4+ 0-1

[Event "Challenge"]
[Site "http://www.queenalice.com/game.php?id=1137246"]
[Date "2013.1.4"]
[Round "-"]
[White "tucot"]
[Black "ubostayo"]
[Result "1-0"]
[WhiteElo "2360"]
[BlackElo "2320"]

1. e4 c5 2. Nf3 a6 3. d4 cxd4 4. Nxd4 Nf6 5. Nc3 e5 6. Nf3 Bb4 7. Bc4 Qc7 8. Bb3
O-O 9. O-O d6 10. Bg5 Nbd7 11. Nd5 Nxd5 12. Qxd5 Nc5 13. c3 Ba5 14. Bc2 1-0

[Event "B"]
[Site "http://www.queenalice.com/game.php?id=1155750"]
[Date "2013.2.26"]
[Round "-"]
[White "Kir"]
[Black "ubostayo"]
[Result "0-1"]
[WhiteElo "2281"]
[BlackElo "2337"]

1. d4 c6 2. e4 d6 3. Nf3 Nf6 4. Nc3 g6 5. Bd3 Bg7 6. O-O Nbd7 7. e5 dxe5 8. dxe5
Ng4 9. e6 fxe6 10. Ng5 Nde5 0-1

[Event "Challenge"]
[Site "http://www.queenalice.com/game.php?id=1167507"]
[Date "2013.4.2"]
[Round "-"]
[White "CarlosOlivas"]
[Black "ubostayo"]
[Result "1-0"]
[WhiteElo "2405"]
[BlackElo "2347"]

1. d4 c6 2. e4 d6 3. Nf3 Nf6 4. Nc3 g6 5. h3 Bg7 6. Be2 b5 7. a3 a6 8. O-O O-O
9. Re1 Bb7 10. e5 dxe5 11. dxe5 Nd5 12. Ne4 Qb6 13. c4 bxc4 14. Bxc4 a5 15. e6
f6 16. h4 1-0